书目信息 |
| 题名: |
安全检测技术
|
|
| 作者: | 黄仁东 主编 | |
| 分册: | ||
| 出版信息: | 北京 化学工业出版社 2006.80 |
|
| 页数: | ||
| 开本: | 32开 | |
| 丛书名: | ||
| 单 册: | ||
| 中图分类: | X924.4 | |
| 科图分类: | ||
| 主题词: | 劳动保护管理 , 劳动保护--劳动管理 | |
| 电子资源: | ||
| ISBN: | 7-5025-9009-9 | |
| 000 | 00558nam0 2200193 450 | |
| 001 | 0736196517 | |
| 005 | 20070924100316.51 | |
| 010 | @a7-5025-9009-9@d¥46.00 | |
| 100 | @a20070924d km y0chiy0120 ea | |
| 101 | 0 | @achi |
| 200 | 1 | @a安全检测技术@Aan quan jian ce ji shu@f黄仁东 主编@Fhuang ren dong zhu bian |
| 210 | @a北京@c化学工业出版社@d2006.80 | |
| 215 | @d32开 | |
| 606 | 0 | @a劳动保护管理 |
| 606 | 0 | @a劳动保护@x劳动管理 |
| 690 | @aX924.4@v3 | |
| 701 | 0 | @a黄仁东@Ahuang ren dong@4主编 |
| 801 | 0 | @aCN@bPFT@c20070924 |
| 905 | @a213230@dX924.4@eZY52@f1 | |
| 安全检测技术/黄仁东 主编.-北京:化学工业出版社,2006.80 |
| 32开 |
| ISBN 7-5025-9009-9:¥46.00 |
| ● |
| 相关链接 |
|
|
|
|
正题名:安全检测技术
索取号:X924.4/ZY52
 
预约/预借
| 序号 | 登录号 | 条形码 | 馆藏地/架位号 | 状态 | 备注 |
| 1 | 7901440 | 279014406 | 资源管理系资料室/ [索取号:X924.4/ZY52] | 在馆 |